[Event "Marmaris Karya IM 2018"]
[Site "Marmaris"]
[Date "2018.06.27"]
[Round "2.5"]
[White "Korneev, Oleg"]
[Black "Unat, Can Haktan"]
[Result "1-0"]
[WhiteElo "2517"]
[BlackElo "2047"]
[Annotator "TA"]
[PlyCount "103"]
[EventDate "2018.06.25"]
[EventCountry "TUR"]
[SourceTitle "playchess.com"]
[Source "ChessBase"]
[SourceQuality "1"]

{[%evp 12,103,16,-14,-15,-25,4,-19,6,8,16,14,93,98,69,70,137,127,133,134,125,137,130,129,131,122,210,123,168,167,172,170,171,164,177,161,210,210,213,208,208,204,211,215,206,208,209,185,185,185,179,181,181,181,189,191,210,210,217,210,260,253,272,264,348,320,336,311,435,427,427,418,645,640,884,816,989,976,2430,2329,29982,1927,29984,29985,29987,29988,29988,29989,29989,29990,29991,29992,29992,29980]} 1. e4 e5 2. Bc4 Nf6 3. d3 c6 4. Nf3 d5 5. Bb3 Bd6 6. Nc3 O-O {C24: Bishop's Opening: 2...Nf6} (6... dxe4 7. Ng5 O-O 8. Ncxe4 Nxe4 9. Nxe4 Bf5 10. Ng3 Bc8 11. Qh5 Nd7 12. Bg5 Qa5+ 13. Bd2 Qd8 14. Bg5 Qa5+ 15. c3 Nc5 16. Bc2 Ne6 17. Ne4 Nxg5 18. Nxd6 {1-0 (26) Mamedov,R (2680)-Mamedov,N (2589) Kocaeli 2017}) 7. Bg5 {[%cal Re4d5] LiveBook: 3 Games} d4 8. Ne2 {[%cal Bc3e2,Be2g3,Bg3h5][%mdl 32]} Nbd7 {Black has an edge.} 9. c3 c5 $146 ({Predecessor:} 9... h6 10. Bc1 dxc3 11. bxc3 Nc5 12. Bc2 Bg4 13. h3 Bxf3 14. gxf3 {1-0 (44) Gulamali,K (2379)-Khotenashvili,B (2502) Gibraltar 2016}) 10. Ng3 Re8 11. O-O Nf8 (11... h6 $11) 12. Nh5 $16 Ng6 13. Nh4 {Black must now prevent Nf5.} Nf4 (13... Be7 $1 $14 14. Nf5 Bxf5 15. exf5 Nxh5 16. Qxh5 Bxg5 17. fxg6 hxg6 18. Qxg6 Qf6 19. Bxf7+ Qxf7 20. Qxg5 Rad8) 14. Nxf6+ gxf6 15. Bxf4 exf4 16. cxd4 cxd4 17. Qh5 Be6 18. Nf5 $40 {[%mdl 128] Qg4+ would kill now. White is out for blood.} Bf8 {[#]} (18... Kh8 $16 {keeps fighting.} 19. Nxd4 Qb6) 19. g3 ({White should play} 19. Qg4+ $1 $18 Kh8 20. Qxf4) 19... f3 20. Ba4 Bxf5 21. Qxf5 Re5 22. Qxf3 Rc8 23. Rac1 Rxc1 24. Rxc1 Rc5 25. Rxc5 Bxc5 26. Qg4+ Kh8 27. Bb3 Qe7 28. Qh5 Kg7 29. Bxf7 {[#] Hoping for Bd5.} Qe5 30. f4 Qxh5 31. Bxh5 $18 {[%mdl 4096] Endgame KB-KB} Kf8 32. Kf2 Bd6 33. Kf3 Ke7 34. Bg4 Kf7 35. Bc8 b6 36. a3 Bc7 37. Kg4 Kg6 38. Bf5+ Kg7 39. Bd7 Kg6 40. Be8+ Kg7 41. Kf5 Bd6 (41... Kf8 $142 42. Bb5 (42. Kxf6 Bd8+ 43. Ke5 Kxe8 $18) 42... Bd8) 42. Ke6 Bf8 43. g4 h6 44. h4 a5 45. f5 {[%cal Bf4f5,Bf5f6][%mdl 32]} Bc5 46. Bc6 (46. e5 $142 fxe5 47. Bb5 Kg8 48. f6 a4 49. g5 e4 50. dxe4 Bf8 51. g6) 46... Bf8 47. e5 {White mates.} fxe5 48. f6+ Kg8 49. g5 hxg5 50. hxg5 {[%cal Bh4g5,Bg5g6,Bg6g7][%mdl 32]} Bc5 51. g6 Bf8 52. g7 {Precision: White = 72%, Black = 34%.} 1-0

[Event "Marmaris Karya IM 2018"]
[Site "Marmaris"]
[Date "2018.06.28"]
[Round "3.1"]
[White "Can, Isik"]
[Black "Bagaturov, Giorgi"]
[Result "1-0"]
[WhiteElo "2396"]
[BlackElo "2397"]
[Annotator "RC"]
[PlyCount "55"]
[EventDate "2018.06.25"]
[EventCountry "TUR"]
[SourceTitle "playchess.com"]
[Source "ChessBase"]
[SourceQuality "1"]
[TimeControl "5400+30"]

1. e4 {[%emt 0:00:30]} d6 {[%emt 0:01:00]} 2. d4 {[%emt 0:00:00]} Nf6 {[%emt 0:00:30]} 3. Nc3 {[%emt 0:00:00]} e5 {[%emt 0:00:00]} 4. Nf3 {[%emt 0:00:00]} Nbd7 {[%emt 0:00:00]} 5. Bc4 {[%emt 0:00:00]} Be7 {[%emt 0:00:30]} 6. O-O {[%emt 0:00:30]} O-O {[%emt 0:00:00]} 7. a4 {[%emt 0:00:30]} a6 {[%emt 0:07:00]} 8. a5 {[%emt 0:10:30]} exd4 {[%emt 0:01:30]} 9. Qxd4 {[%emt 0:10:30]} Nc5 {[%emt 0:01:30]} 10. b4 {[%emt 0:10:30]} Ne6 {[%emt 0:10:30]} 11. Qd3 {[%emt 0:00:30]} c5 {[%emt 0:06:30]} 12. Ba3 {[%emt 0:07:30]} cxb4 {[%emt 0:07:30]} 13. Bxb4 {[%emt 0:00:30]} Qc7 {[%emt 0:04:30]} 14. Ba2 {[%emt 0:18:30]} Re8 {[%emt 0:11:30]} 15. Nd2 {[%emt 0:08:30]} Bd7 {[%emt 0:27:08]} 16. Nc4 {[%emt 0:03:30]} Bc6 {[%emt 0:11:16]} 17. Nxd6 {[%emt 0:08:36]} Bxd6 {[%emt 0:03:41]} 18. Bxd6 {[%emt 0:00:33]} Qd7 {[%emt 0:00:34]} 19. Rad1 {[%emt 0:05:39]} Rad8 {[%emt 0:01:51]} 20. Qe3 {[%emt 0:06:46]} b5 {[%emt 0:02:04]} 21. f4 {[%emt 0:05:47]} Qb7 {[%emt 0:00:34]} 22. f5 {[%emt 0:00:03]} Nf8 {[%emt 0:00:57]} 23. e5 {[%emt 0:01:16]} b4 {[%emt 0:00:33]} 24. Qb6 {[%emt 0:00:42]} Rxd6 {[%emt 0:00:46]} 25. Rxd6 {[%emt 0:00:27]} Rxe5 {[%emt 0:00:23]} 26. Rxc6 {[%emt 0:00:25]} Qe7 {[%emt 0:00:05]} 27. Rxf6 {[%emt 0:00:36]} gxf6 {[%emt 0:00:24]} 28. Nd5 {[%emt 0:00:06]} 1-0

[Event "Marmaris Karya IM 2018"]
[Site "Marmaris"]
[Date "2018.06.28"]
[Round "3.2"]
[White "Dedebas, Emre Emin"]
[Black "Bivol, Alina"]
[Result "1-0"]
[WhiteElo "2336"]
[BlackElo "2365"]
[Annotator "TA"]
[PlyCount "123"]
[EventDate "2018.06.25"]
[EventCountry "TUR"]
[SourceTitle "playchess.com"]
[Source "ChessBase"]
[SourceQuality "1"]

{[%evp 22,123,60,56,58,28,40,26,18,0,0,0,5,19,2,29,66,62,67,73,89,95,128,110,87,86,137,129,130,156,146,105,137,99,266,264,325,311,291,177,156,88,121,139,125,110,413,398,391,383,744,181,195,161,172,157,331,353,696,17,21,22,25,33,33,35,21,14,12,23,118,112,171,171,163,140,121,107,126,104,162,154,379,368,355,331,344,375,408,397,441,401,481,482,539,529,591,594,600,593,594,573,575,532]} 1. d4 Nf6 2. c4 g6 3. Nc3 Bg7 4. e4 d6 5. f3 O-O 6. Nge2 Nc6 7. Be3 a6 8. Qd2 Rb8 9. Rc1 Bd7 10. Nd1 {E84: King's Indian: Sämisch Panno: 7 Nge2 a6 8 Qd2 Rb8} (10. h4 h5 11. Nd1 e5 12. d5 Ne7 13. Nf2 Nh7 14. c5 f5 15. Qb4 fxe4 16. fxe4 Rf6 17. cxd6 cxd6 {1-0 (37) Kovalenko,I (2667)-Smirin,I (2676) Poikovsky 2016}) 10... Re8 11. Nf2 e6 12. g4 {LiveBook: 3 Games. White is slightly better.} b5 13. c5 dxc5 $1 14. Rxc5 Bf8 15. Nd3 e5 16. Rxe5 Nxe5 17. dxe5 Bxg4 18. Bg2 $146 {[#]} Nxe4 $1 {[%mdl 512]} 19. fxe4 Bxe2 20. Qxe2 c5 21. O-O Rc8 22. Nf2 {[%cal Bd3f2,Bf2g4,Bg4f6,Bf6d5][%mdl 32]} Rxe5 23. Ng4 Re6 ({Black should try} 23... Bg7) 24. Qf3 {[%mdl 1024] White has strong compensation.} Rc7 25. Nf6+ Kh8 26. Nd5 Rb7 27. Bh3 Re8 $2 (27... Re5 $16) 28. Nf6 $18 Re5 29. Rd1 Qe7 30. Nd5 $36 {[%mdl 2048] Keeping Black busy.} Qe8 31. Bf4 (31. b4 $142) 31... Rxe4 32. Nf6 $1 {[%csl LRe4,LRe8]} Rxf4 33. Qxf4 (33. Nxe8 $2 {perishes.} Rxf3 34. Bg2 Re7 $19) 33... Qb8 $2 {[%mdl 8192]} (33... Qe7 $16 34. Bg4 Bg7) 34. Qh4 $1 {[%csl Gf6][%cal Rh4h7]} h6 35. Nd7 $1 {[%cal Rd7b8]} Qe8 $2 (35... Rxd7 36. Rxd7 Qe8 37. Qf6+ Bg7 38. Qxf7 Qe3+ 39. Kh1 Qe4+ 40. Bg2 Qb1+ 41. Qf1 Qxb2) 36. Nxf8 $2 (36. Re1 g5 37. Rxe8 gxh4 38. Rxf8+ Kg7 39. Nxc5) 36... Qe3+ 37. Qf2 Qxh3 38. Qf4 $1 {Rd8 would kill now.} Kg7 $2 (38... Qh5 $16 {was necessary.} 39. Rd8 Qg5+ 40. Qxg5 hxg5) 39. Qe5+ $1 Kg8 $2 {[#]} (39... f6 40. Qe4 Rf7) 40. Rd8 $2 (40. Nxg6 $1 $18 {[%csl Gg6][%cal Re5h8][%mdl 512]} Qg4+ (40... fxg6 41. Rd8+) 41. Kf2) 40... Qg4+ $11 41. Qg3 Qxg3+ 42. hxg3 {[%mdl 4096] Endgame Ne6+ is the strong threat. KRN-KR} Kg7 43. Nd7 Rc7 44. Nb8 a5 45. Rd5 {Hoping for Na6.} Rb7 (45... c4 $11 {remains equal.}) 46. Nc6 $16 a4 (46... c4 $16 {was called for.}) 47. Rxc5 $18 Rc7 48. Rc3 Rd7 49. Rc2 h5 50. Kf2 g5 (50... Rd5 $16 {was worth a try.} 51. Ke3 Rg5) 51. Ke3 h4 $2 (51... f6 $16 52. Nd4 Rd5) 52. gxh4 gxh4 53. Nd4 Rd5 54. Rh2 Rg5 55. Nf3 Rc5 56. Rxh4 a3 57. b3 {White is clearly winning.} Rc3+ 58. Ke4 Kg6 59. Rg4+ Kf6 60. Nd4 b4 61. Kd5 Rd3 62. Rg2 {Precision: White = 59%, Black = 27%.} 1-0

[Event "Marmaris Karya IM 2018"]
[Site "Marmaris"]
[Date "2018.06.28"]
[Round "3.3"]
[White "Tanriverdi, Enes"]
[Black "Darban, Morteza"]
[Result "1/2-1/2"]
[WhiteElo "2281"]
[BlackElo "2312"]
[Annotator "ChessBase"]
[PlyCount "66"]
[EventDate "2018.06.25"]
[EventCountry "TUR"]
[SourceTitle "playchess.com"]
[Source "ChessBase"]
[SourceQuality "1"]
[TimeControl "5400+30"]

1. d4 {[%emt 0:00:30]} e6 {[%emt 0:04:00]} 2. c4 {[%emt 0:00:30]} Bb4+ {[%emt 0:01:30]} 3. Nd2 {[%emt 0:00:30]} Ne7 {[%emt 0:02:30]} 4. a3 {[%emt 0:03:30]} Bxd2+ {[%emt 0:00:30]} 5. Qxd2 {[%emt 0:00:00]} d6 {[%emt 0:00:30]} 6. Nf3 {[%emt 0:00:00]} Nd7 {[%emt 0:00:30]} 7. b4 {[%emt 0:03:30]} f5 {[%emt 0:00:30]} 8. Bb2 {[%emt 0:00:30]} Nf6 {[%emt 0:00:30]} 9. g3 {[%emt 0:00:30]} a5 {[%emt 0:10:30]} 10. Bg2 {[%emt 0:04:30]} axb4 {[%emt 0:00:30]} 11. axb4 {[%emt 0:00:30]} Rxa1+ {[%emt 0:00:00]} 12. Bxa1 {[%emt 0:00:00]} b5 {[%emt 0:00:00]} 13. d5 {[%emt 0:40:00]} e5 {[%emt 0:21:30]} 14. cxb5 {[%emt 0:00:30]} h6 {[%emt 0:00:30]} 15. O-O {[%emt 0:00:30]} O-O {[%emt 0:00:30]} 16. Rd1 {[%emt 0:01:30]} Bd7 {[%emt 0:06:30]} 17. b6 {[%emt 0:14:30]} cxb6 {[%emt 0:00:00]} 18. Bxe5 {[%emt 0:00:00]} Ne4 {[%emt 0:04:00]} 19. Qa2 {[%emt 0:03:00]} dxe5 {[%emt 0:04:30]} 20. d6+ {[%emt 0:00:00]} Kh7 {[%emt 0:04:30]} 21. dxe7 {[%emt 0:00:00]} Qxe7 {[%emt 0:00:00]} 22. Qa7 {[%emt 0:00:30]} Rf7 {[%emt 0:00:00]} 23. Bh3 {[%emt 0:02:30]} Be6 {[%emt 0:09:30]} 24. Qa1 {[%emt 0:03:30]} Qxb4 {[%emt 0:10:54]} 25. Qxe5 {[%emt 0:03:10]} Qc5 {[%emt 0:06:16]} 26. Qxe6 {[%emt 0:00:27]} Nxf2 {[%emt 0:00:16]} 27. Qxf7 {[%emt 0:01:47]} Nxd1+ {[%emt 0:00:06]} 28. Kh1 {[%emt 0:00:32]} Ne3 {[%emt 0:00:53]} 29. Qe6 {[%emt 0:04:30]} b5 {[%emt 0:01:16]} 30. Qe5 {[%emt 0:00:19]} Qc1+ {[%emt 0:00:09]} 31. Ng1 {[%emt 0:00:05]} Qc6+ {[%emt 0:00:04]} 32. Nf3 {[%emt 0:00:32]} Qc1+ {[%emt 0:00:05]} 33. Ng1 {[%emt 0:00:05]} Qc6+ {[%emt 0:00:02]} 1/2-1/2

[Event "Marmaris Karya IM 2018"]
[Site "Marmaris"]
[Date "2018.06.27"]
[Round "3.4"]
[White "Arda, Cagil Irmak"]
[Black "Korneev, Oleg"]
[Result "0-1"]
[WhiteElo "2257"]
[BlackElo "2517"]
[Annotator "TA"]
[PlyCount "69"]
[EventDate "2018.06.25"]
[EventCountry "TUR"]
[SourceTitle "playchess.com"]
[Source "ChessBase"]
[SourceQuality "1"]

{[%evp 14,69,21,24,19,10,20,16,14,0,0,-10,54,22,33,31,50,62,42,46,112,129,235,214,217,237,508,507,500,497,503,510,504,488,481,468,492,492,595,602,562,525,475,445,577,0,0,-350,-148,-136,-131,-275,-273,-357,-341,-854,-845,-2514]} 1. e4 c5 2. Nf3 d6 3. Bb5+ Nd7 4. O-O a6 5. Bd3 Ngf6 6. Re1 {B51: Sicilian: Moscow Variation (3 Bb5+) without 3...Bd7} b5 7. c4 (7. c3 Bb7 8. Bc2 c4 9. a4 e6 10. axb5 axb5 11. Rxa8 Qxa8 12. Na3 Bxe4 13. Bxe4 Nxe4 {½-½ (35) Mamedov,R (2704)-Karjakin,S (2778) Shamkir 2018}) 7... Rb8 8. Bf1 {LiveBook: 3 Games. The position is equal.} e5 9. cxb5 axb5 {[#]} 10. b4 $1 {[%mdl 512]} cxb4 11. d4 Be7 12. Bb2 Qc7 ({Black should play} 12... O-O $11) 13. Nbd2 $146 O-O 14. Rc1 Qb7 15. dxe5 dxe5 16. Nxe5 {[%cal Bf3e5,Be5d7,Bd7f8,Bf8d7][%mdl 32] aiming for Nc6.} Nc5 ({Black should try} 16... Ra8 $14) 17. Bd4 $36 {[%mdl 2048] Black is under strong pressure.} Nfd7 {[#]} (17... Ne6 $16 {is a better defense.} 18. Nb3 Ra8) 18. Nb3 $1 $18 {[%cal Rb3c5]} (18. Nxd7 $6 Nxd7 19. Qf3 Qa6 $16) 18... Nxb3 19. Qxb3 Bg5 $2 (19... Nf6 {was called for.} 20. Nc6 Be6) 20. Qg3 Bxc1 21. Nxd7 {[%csl Gd4][%cal Rg3g7]} Bh6 22. Nxf8 ({Less strong is} 22. Qxb8 Qxd7 23. Bc5 Rd8 $16) 22... Ra8 23. Qd6 Qa6 24. Qc7 Qa5 25. Bb6 Qxa2 26. Rd1 {Rd8 would kill now.} Bg5 27. Nd7 h6 28. Bxb5 b3 29. Qc4 $2 (29. Bc4 $18 {White threatens Nf6+! and mate.} Ba6 30. Bxa6) 29... Qc2 $11 30. Qd3 $2 {[%mdl 8192] [#]} (30. Qf1 $1 $11 {and White is okay.} Bxd7 31. Bxd7 (31. Rxd7 Ra1 $17)) 30... Qxd3 (30... Bxd7 $1 $19 31. Rf1 (31. Qxd7 Rb8 $17) 31... Bxb5 32. Qxb5 Rb8) 31. Bxd3 $17 {Black must now prevent Ne5.} Bxd7 32. Bb1 (32. Rb1 $17 Be6 33. g3) 32... Be6 $19 33. Bd4 Rd8 34. e5 $2 (34. f4 Bxf4 35. Kf2) 34... Bf4 35. Rd2 {Precision: White = 39%, Black = 36%.} 0-1

[Event "Marmaris Karya IM 2018"]
[Site "Marmaris"]
[Date "2018.06.26"]
[Round "3.5"]
[White "Unat, Can Haktan"]
[Black "Benidze, Davit"]
[Result "0-1"]
[WhiteElo "2047"]
[BlackElo "2487"]
[Annotator "TA"]
[PlyCount "68"]
[EventDate "2018.06.25"]
[EventCountry "TUR"]
[SourceTitle "playchess.com"]
[Source "ChessBase"]
[SourceQuality "1"]

{[%evp 23,68,-43,-33,-47,-41,-31,-31,-37,-26,-348,-360,-355,-330,-335,-354,-337,-322,-411,-406,-451,-442,-459,-453,-492,-492,-522,-517,-664,-673,-679,-660,-682,-675,-785,-722,-722,-710,-688,-691,-780,-759,-806,-785,-800,-803,-1206,-1202]} 1. Nf3 Nf6 2. g3 b6 3. Bg2 Bb7 4. O-O g6 5. b3 Bg7 6. Bb2 O-O 7. d4 c5 8. c4 cxd4 9. Nxd4 Bxg2 10. Kxg2 d5 11. cxd5 {A30: Symmetrical English: Double Fianchetto and Hedgehog} Qxd5+ 12. Nf3 Qb7 {LiveBook: 8 Games} 13. Na3 {Black is slightly better.} Nc6 {[%cal Bb8c6,Bc6b4,Bb4a2][%mdl 32]} 14. Rc1 {[#]} Rfd8 $146 ({Predecessor:} 14... Nb4 15. Qd2 a5 16. Be5 Nc6 17. Bxf6 Bxf6 18. Qd5 Rac8 {0-1 (51) Kazakovskiy,V (2422)-Wojtaszek,R (2736) Katowice 2017}) 15. Qc2 Nb4 16. Qc7 $2 {[%mdl 8192] [#]} (16. Qb1 $1 $11 {and White has nothing to worry.}) 16... Qxc7 $1 $19 17. Rxc7 Nfd5 {[%cal Bf6d5,Bd5c7,Bc7e6][%mdl 32]} ({Less strong is} 17... Nxa2 18. Ra1 $15) 18. Bxg7 {aiming for Rc4.} Nxc7 19. Be5 Ne6 20. e4 Nxa2 21. Nc4 Nb4 {Black is clearly winning.} 22. Ne3 Rac8 23. h4 f6 24. Ba1 h5 25. g4 hxg4 26. Nxg4 Rd3 27. Ne3 Rxb3 28. Rh1 Kf7 29. e5 Nd3 30. exf6 exf6 31. Nd2 Rb4 32. Kg3 Nef4 33. Kf3 Nh5 34. Ne4 {[#]} Rxe4 $1 {Precision: White = 24%, Black = 85%.} 0-1

[Event "Marmaris Karya IM 2018"]
[Site "Marmaris"]
[Date "2018.06.28"]
[Round "4.1"]
[White "Bivol, Alina"]
[Black "Can, Isik"]
[Result "1/2-1/2"]
[WhiteElo "2365"]
[BlackElo "2396"]
[Annotator "ChessBase"]
[PlyCount "62"]
[EventDate "2018.06.25"]
[EventCountry "TUR"]
[SourceTitle "playchess.com"]
[Source "ChessBase"]
[SourceQuality "1"]
[TimeControl "5400+30"]

1. e4 {[%emt 0:00:30]} c6 {[%emt 0:01:00]} 2. d4 {[%emt 0:00:00]} d5 {[%emt 0:00:30]} 3. Nc3 {[%emt 0:00:00]} dxe4 {[%emt 0:00:00]} 4. Nxe4 {[%emt 0:00:00]} Bf5 {[%emt 0:00:00]} 5. Ng3 {[%emt 0:00:00]} Bg6 {[%emt 0:00:30]} 6. N1e2 {[%emt 0:00:30]} Nf6 {[%emt 0:00:00]} 7. Nf4 {[%emt 0:00:30]} e5 {[%emt 0:01:00]} 8. dxe5 {[%emt 0:05:30]} Qa5+ {[%emt 0:04:30]} 9. c3 {[%emt 0:00:00]} Qxe5+ {[%emt 0:00:00]} 10. Qe2 {[%emt 0:02:00]} Nbd7 {[%emt 0:00:00]} 11. Nxg6 {[%emt 0:01:30]} hxg6 {[%emt 0:00:00]} 12. Bf4 {[%emt 0:00:30]} Qxe2+ {[%emt 0:03:00]} 13. Bxe2 {[%emt 0:03:30]} Bc5 {[%emt 0:05:30]} 14. Bf3 {[%emt 0:00:00]} O-O-O {[%emt 0:04:30]} 15. O-O {[%emt 0:00:00]} Nb6 {[%emt 0:13:30]} 16. b3 {[%emt 0:14:30]} Bd6 {[%emt 0:12:30]} 17. Bxd6 {[%emt 0:09:30]} Rxd6 {[%emt 0:00:30]} 18. c4 {[%emt 0:00:30]} Re6 {[%emt 0:07:30]} 19. Rfd1 {[%emt 0:01:30]} Rd8 {[%emt 0:03:30]} 20. Kf1 {[%emt 0:01:30]} Nbd7 {[%emt 0:01:30]} 21. h3 {[%emt 0:01:30]} Ne5 {[%emt 0:08:30]} 22. Be2 {[%emt 0:01:30]} c5 {[%emt 0:00:30]} 23. Rxd8+ {[%emt 0:04:30]} Kxd8 {[%emt 0:01:30]} 24. f4 {[%emt 0:01:30]} Nc6 {[%emt 0:00:30]} 25. Bf3 {[%emt 0:00:30]} Kc7 {[%emt 0:07:30]} 26. Bxc6 {[%emt 0:10:30]} Rxc6 {[%emt 0:01:30]} 27. Re1 {[%emt 0:02:30]} Kd7 {[%emt 0:00:30]} 28. Rd1+ {[%emt 0:00:30]} Ke7 {[%emt 0:00:30]} 29. Rd2 {[%emt 0:04:30]} a6 {[%emt 0:00:30]} 30. Re2+ {[%emt 0:02:30]} Kd7 {[%emt 0:00:30]} 31. Rd2+ {[%emt 0:00:30]} Ke7 {[%emt 0:00:30]} 1/2-1/2

[Event "Marmaris Karya IM 2018"]
[Site "Marmaris"]
[Date "2018.06.28"]
[Round "4.2"]
[White "Darban, Morteza"]
[Black "Dedebas, Emre Emin"]
[Result "1-0"]
[WhiteElo "2312"]
[BlackElo "2336"]
[Annotator "ChessBase"]
[PlyCount "109"]
[EventDate "2018.06.25"]
[EventCountry "TUR"]
[SourceTitle "playchess.com"]
[Source "ChessBase"]
[SourceQuality "1"]
[TimeControl "5400+30"]

1. d4 {[%emt 0:02:30]} Nf6 {[%emt 0:01:00]} 2. g3 {[%emt 0:02:30]} e6 {[%emt 0:00:00]} 3. Bg2 {[%emt 0:00:30]} d5 {[%emt 0:00:00]} 4. Nf3 {[%emt 0:00:30]} Be7 {[%emt 0:00:30]} 5. O-O {[%emt 0:00:00]} O-O {[%emt 0:00:00]} 6. c4 {[%emt 0:00:00]} dxc4 {[%emt 0:00:00]} 7. Qc2 {[%emt 0:00:00]} a6 {[%emt 0:00:30]} 8. a4 {[%emt 0:00:00]} Bd7 {[%emt 0:00:30]} 9. Rd1 {[%emt 0:00:30]} Bc6 {[%emt 0:00:00]} 10. Nc3 {[%emt 0:00:00]} Bxf3 {[%emt 0:03:00]} 11. Bxf3 {[%emt 0:00:00]} Nc6 {[%emt 0:00:00]} 12. Bxc6 {[%emt 0:00:30]} bxc6 {[%emt 0:00:00]} 13. Bg5 {[%emt 0:01:30]} Rb8 {[%emt 0:05:30]} 14. Rab1 {[%emt 0:14:30]} h6 {[%emt 0:23:30]} 15. Bxf6 {[%emt 0:07:30]} Bxf6 {[%emt 0:00:30]} 16. Ne4 {[%emt 0:04:30]} Rb4 {[%emt 0:07:30]} 17. e3 {[%emt 0:05:30]} Be7 {[%emt 0:01:30]} 18. Nd2 {[%emt 0:00:30]} c5 {[%emt 0:07:30]} 19. Nxc4 {[%emt 0:05:30]} Qd5 {[%emt 0:08:30]} 20. b3 {[%emt 0:01:30]} cxd4 {[%emt 0:04:30]} 21. Rxd4 {[%emt 0:00:30]} Qc6 {[%emt 0:01:30]} 22. Rc1 {[%emt 0:07:30]} Rfb8 {[%emt 0:04:30]} 23. Rd3 {[%emt 0:01:30]} Qc5 {[%emt 0:01:30]} 24. Nd2 {[%emt 0:00:30]} Qxc2 {[%emt 0:14:01]} 25. Rxc2 {[%emt 0:00:00]} R8b7 {[%emt 0:00:06]} 26. Rd7 {[%emt 0:06:00]} c5 {[%emt 0:00:59]} 27. Rxb7 {[%emt 0:00:30]} Rxb7 {[%emt 0:00:01]} 28. Kf1 {[%emt 0:00:30]} Kf8 {[%emt 0:00:10]} 29. Rc3 {[%emt 0:03:30]} Ke8 {[%emt 0:07:55]} 30. Rd3 {[%emt 0:00:30]} Rd7 {[%emt 0:00:46]} 31. Ke2 {[%emt 0:00:00]} Rxd3 {[%emt 0:00:36]} 32. Kxd3 {[%emt 0:00:00]} Kd7 {[%emt 0:00:01]} 33. Kc4 {[%emt 0:13:30]} Kc6 {[%emt 0:00:08]} 34. Nf3 {[%emt 0:00:00]} Bd6 {[%emt 0:02:18]} 35. e4 {[%emt 0:02:00]} Bc7 {[%emt 0:00:30]} 36. h3 {[%emt 0:03:30]} Bd6 {[%emt 0:00:15]} 37. Ne1 {[%emt 0:03:01]} Be7 {[%emt 0:02:13]} 38. Nd3 {[%emt 0:00:12]} Bd6 {[%emt 0:00:03]} 39. g4 {[%emt 0:05:42]} g5 {[%emt 0:02:01]} 40. e5 {[%emt 0:08:02]} Bf8 {[%emt 0:04:18]} 41. f4 {[%emt 0:01:44]} gxf4 {[%emt 0:00:30]} 42. Nxf4 {[%emt 0:00:03]} Be7 {[%emt 0:00:34]} 43. Nd3 {[%emt 0:00:29]} Kb6 {[%emt 0:00:25]} 44. Ne1 {[%emt 0:01:14]} Bf8 {[%emt 0:01:49]} 45. h4 {[%emt 0:00:35]} Kc6 {[%emt 0:00:28]} 46. Nf3 {[%emt 0:00:26]} Bg7 {[%emt 0:00:45]} 47. h5 {[%emt 0:01:04]} f6 {[%emt 0:00:00]} 48. exf6 {[%emt 0:00:47]} Bxf6 {[%emt 0:00:11]} 49. Nd2 {[%emt 0:00:30]} Bg5 {[%emt 0:00:29]} 50. Ne4 {[%emt 0:00:44]} Be3 {[%emt 0:00:54]} 51. a5 {[%emt 0:01:35]} Bg1 {[%emt 0:00:11]} 52. g5 {[%emt 0:00:12]} hxg5 {[%emt 0:00:05]} 53. Nxg5 {[%emt 0:00:04]} Kd6 {[%emt 0:00:07]} 54. h6 {[%emt 0:00:54]} Ke7 {[%emt 0:00:18]} 55. Nf3 {[%emt 0:00:55]} 1-0